Sports Quiz

Random Sports or MLB Quiz

1976 Topps Baseball Baltimore Orioles Quiz Stats

 Plays Quiz not verified by Sporcle

Challenge
Share
Tweet
Embed
Score 0/27 Timer 08:00
0 Plays Today
Pos. Player/Manager % Correct
TEAMBaltimore Orioles Team
97.7%
3BBrooks Robinson
97.7%
RHPJim Palmer
95.5%
SSMark Belanger
95.5%
MGREarl Weaver
95.5%
2BBob Grich
93.2%
OFAl Bumbry
90.9%
CEllie Hendricks
88.6%
OFPaul Blair
86.4%
LHPMike Cuellar
84.1%
1BLee May
81.8%
2B-3BDoug DeCinces
79.5%
OFDon Baylor
79.5%
PMike Flanagan
77.3%
Pos. Player/Manager % Correct
OFKen Singleton
75%
LHPGrant Jackson
75%
DHTommy Davis
68.2%
LHPRoss Grimsley
56.8%
1BTony Muser
50%
RHPDyar Miller
50%
RHPDoyle Alexander
50%
RHPMike Torrez
47.7%
RHPWayne Garland
43.2%
CDave Duncan
40.9%
OFRoyle Stillman
31.8%
SSTim Nordbrook
29.5%
RHPPaul Mitchell
20.5%

You're not logged in!

Compare scores with friends on all Sporcle quizzes.
Join for Free
OR
Log In

You Might Also Like...

Show Comments

Extras

Top Quizzes Today


Score Distribution

Your Account Isn't Verified!

In order to create a playlist on Sporcle, you need to verify the email address you used during registration. Go to your Sporcle Settings to finish the process.

Report this User

Report this user for behavior that violates our Community Guidelines.

Details: